<?xml version="1.0" encoding="UTF-8"?>
<record
    xmlns:xsi="http://www.w3.org/2001/XMLSchema-instance"
    xsi:schemaLocation="http://www.loc.gov/MARC21/slim http://www.loc.gov/standards/marcxml/schema/MARC21slim.xsd"
    xmlns="http://www.loc.gov/MARC21/slim">

  <leader>02932nam a2200409Ia 4500</leader>
  <controlfield tag="001">DIGANR0295</controlfield>
  <controlfield tag="003">NyNyDIG</controlfield>
  <controlfield tag="006">m     o  d        </controlfield>
  <controlfield tag="007">cr |||||||||||</controlfield>
  <controlfield tag="008">150101s2012    sp a    ob    000 0 spa d</controlfield>
  <datafield tag="035" ind1=" " ind2=" ">
    <subfield code="a">(OCoLC)1335125763</subfield>
  </datafield>
  <datafield tag="040" ind1=" " ind2=" ">
    <subfield code="a">DGITA</subfield>
    <subfield code="b">eng</subfield>
    <subfield code="e">rda</subfield>
    <subfield code="e">pn</subfield>
    <subfield code="c">DGITA</subfield>
  </datafield>
  <datafield tag="043" ind1=" " ind2=" ">
    <subfield code="a">e-sp---</subfield>
  </datafield>
  <datafield tag="050" ind1="1" ind2="4">
    <subfield code="a">KKT2101</subfield>
  </datafield>
  <datafield tag="245" ind1="0" ind2="0">
    <subfield code="a">Constituci&#xF3;n de 1812 :</subfield>
    <subfield code="b">el nacimiento de la lbertad /</subfield>
    <subfield code="c">Manuel Arag&#xF3;n y Juan Jos&#xE9; Soloz&#xE1;bal (Eds.).</subfield>
  </datafield>
  <datafield tag="264" ind1=" " ind2="1">
    <subfield code="a">Barcelona :</subfield>
    <subfield code="b">Anthropos Editorial :</subfield>
    <subfield code="b">Grupo Editorial Siglo Veintiuno,</subfield>
    <subfield code="c">2012.</subfield>
  </datafield>
  <datafield tag="300" ind1=" " ind2=" ">
    <subfield code="a">1 online resource (238 pages) :</subfield>
    <subfield code="b">illustrations.</subfield>
  </datafield>
  <datafield tag="336" ind1=" " ind2=" ">
    <subfield code="a">text</subfield>
    <subfield code="b">txt</subfield>
    <subfield code="2">rdacontent</subfield>
  </datafield>
  <datafield tag="337" ind1=" " ind2=" ">
    <subfield code="a">computer</subfield>
    <subfield code="b">c</subfield>
    <subfield code="2">rdamedia</subfield>
  </datafield>
  <datafield tag="338" ind1=" " ind2=" ">
    <subfield code="a">online resource</subfield>
    <subfield code="b">cr</subfield>
    <subfield code="2">rdacarrier</subfield>
  </datafield>
  <datafield tag="490" ind1="1" ind2=" ">
    <subfield code="a">Revista anthropos: </subfield>
    <subfield code="a">cuadernos de cultura cr&#xED;tica y conocimiento ;</subfield>
    <subfield code="v">236.</subfield>
  </datafield>
  <datafield tag="504" ind1=" " ind2=" ">
    <subfield code="a">Includes bibliographical references.</subfield>
  </datafield>
  <datafield tag="505" ind1="0" ind2=" ">
    <subfield code="a">Significado e influencia de la Constituci&#xF3;n de 1812 / Manuel Arag&#xF3;n Reyes -- El modelo de Cad&#xED;z y la asunci&#xF3;n de la supremac&#xED;a constitucional en nuestro constitucionalismo hist&#xF3;rico / Juan Jos&#xE9; Soloz&#xE1;bal Echevarr&#xED;a -- El proceso nacionalizador en la ilustraci&#xF3;n : nacionalismo &#xBF;en el siglo XVIII? : el patriotismo como impulso / Antonio Morales Moya -- Entre el Esp&#xED;ritu Santo y el esp&#xED;ritu del siglo : sobra la Constituci&#xF3;n de las Cortes y el primer liberalismo hispano / Javier Fern&#xE1;ndez Sebasti&#xE1;n -- La Constituci&#xF3;n de Cadiz : proceso constituyente y orden constitucional / Carlos Garriga -- Los rumbos imprevistos de C&#xE1;diz / Jos&#xE9; M. Portillo Vald&#xE9;s -- En defensa de la derogada Constituci&#xF3;n de C&#xE1;diz : Fernandez Sardino y El Espa&#xF1;ol Constitucional (1818-1820) / Joaqu&#xED;n Varela Suanzes-Carpegna -- Los derechos de los espa&#xF1;oles en la Constituci&#xF3;n de C&#xE1;diz / C&#xE9;sar Aguado Renedo -- Balance bibliogr&#xE1;fico del Bicentenario de la Constituci&#xF3;n de 1812 / Fernando Mart&#xED;nez P&#xE9;rez -- Atracci&#xF3;n, motivaci&#xF3;n y compromiso profesional de los directores de centros educativos de infantil y primaria / Jos&#xE9; Eliseo Valle Aparicio -- Del racionalismo a la teor&#xED;a de las emociones / Jes&#xFA;s Camarero.</subfield>
  </datafield>
  <datafield tag="588" ind1=" " ind2=" ">
    <subfield code="a">Description based on online resource; title from PDF title page (Digitalia, viewed December 5, 2014)</subfield>
  </datafield>
  <datafield tag="650" ind1=" " ind2="0">
    <subfield code="a">Constitutional history</subfield>
    <subfield code="z">Spain</subfield>
    <subfield code="y">19th century. </subfield>
  </datafield>
  <datafield tag="650" ind1=" " ind2="0">
    <subfield code="a">Constitutional law</subfield>
    <subfield code="z">Spain</subfield>
    <subfield code="y">19th century. </subfield>
  </datafield>
  <datafield tag="651" ind1=" " ind2="0">
    <subfield code="a">Spain. Constituci&#xF3;n (1812)</subfield>
  </datafield>
  <datafield tag="651" ind1=" " ind2="0">
    <subfield code="a">Spain</subfield>
    <subfield code="x">Politics and government</subfield>
    <subfield code="y">19th century. </subfield>
  </datafield>
  <datafield tag="655" ind1=" " ind2="7">
    <subfield code="a">Periodicals.</subfield>
    <subfield code="2">lcgft</subfield>
  </datafield>
  <datafield tag="700" ind1="1" ind2=" ">
    <subfield code="a">Soloz&#xE1;bal Echavarr&#xED;a, Juan Jos&#xE9;,</subfield>
    <subfield code="d">1947-</subfield>
    <subfield code="e">editor of compilation,</subfield>
    <subfield code="e">contributor.</subfield>
  </datafield>
  <datafield tag="700" ind1="1" ind2=" ">
    <subfield code="a">Arag&#xF3;n, Manuel,</subfield>
    <subfield code="e">editor,</subfield>
    <subfield code="e">contributor.</subfield>
  </datafield>
  <datafield tag="793" ind1="0" ind2=" ">
    <subfield code="g">Digitalia e-journal Collection:</subfield>
    <subfield code="a">Anthropos </subfield>
  </datafield>
  <datafield tag="791" ind1="2" ind2=" ">
    <subfield code="a">Digitalia (Firm),</subfield>
    <subfield code="e">distributor.</subfield>
  </datafield>
  <datafield tag="830" ind1=" " ind2="0">
    <subfield code="a">Revista anthropos (Barcelona, Spain)</subfield>
    <subfield code="x">1137-3636 ;</subfield>
    <subfield code="v">236.</subfield>
  </datafield>
  <datafield tag="856" ind1="4" ind2="0">
    <subfield code="3">Digitalia Hisp&#xE1;nica</subfield>
    <subfield code="u">https://www.digitaliapublishing.com/a/25633/</subfield>
  </datafield>
  <datafield tag="942" ind1=" " ind2=" ">
    <subfield code="c">RAA</subfield>
  </datafield>
  <datafield tag="952" ind1=" " ind2=" ">
    <subfield code="0">0</subfield>
    <subfield code="1">0</subfield>
    <subfield code="4">0</subfield>
    <subfield code="7">0</subfield>
    <subfield code="8">DEH</subfield>
    <subfield code="a">BD-UIN</subfield>
    <subfield code="b">BD-UIN</subfield>
    <subfield code="d">2025-04-25</subfield>
    <subfield code="l">0</subfield>
    <subfield code="r">2025-04-25</subfield>
    <subfield code="w">2025-04-25</subfield>
    <subfield code="y">RAA</subfield>
  </datafield>
  <datafield tag="999" ind1=" " ind2=" ">
    <subfield code="c">238648</subfield>
    <subfield code="d">238648</subfield>
  </datafield>
</record>
